[Event "Dutch Open 2014"]
[Site "Dieren NED"]
[Date "2014.07.25"]
[Round "4.28"]
[White "Van Liempt, Michael"]
[Black "Heemskerk, Wim"]
[Result "1-0"]
[BlackTitle "FM"]
[WhiteElo "2016"]
[BlackElo "2247"]
[WhiteFideId "1012665"]
[BlackFideId "1001000"]
[EventDate "2014.07.22"]

1. e4 c5 2. Nc3 a6 3. a4 Nc6 4. f4 d6 5. Nf3 g6 6. g3 Bg7 7. Bg2 Rb8 8. O-O b5
9. d3 b4 10. Ne2 Nf6 11. Rb1 b3 12. c4 O-O 13. h3 Nd7 14. Kh2 Nd4 15. g4 Bb7 16.
Ng3 Bc6 17. h4 Nc2 18. h5 Bxa4 19. g5 Re8 20. Nh4 e6 21. Bh3 Bc6 22. hxg6 fxg6
23. f5 exf5 24. Nhxf5 Ne5 25. Nxg7 Kxg7 26. Nh5+ gxh5 27. Qxh5 Rb7 28. Rf6 Nd4
29. Be3 Ndf3+ 30. Kh1 Rf7 31. Qh6+ Kg8 32. Bf5 Qe7 33. Be6 Kh8 34. Rf1 Rxf6 35.
gxf6 Qf8 36. f7 Ng6 37. fxe8=Q Qxe8 38. Bf5 Nfe5 39. Bg5 Qf7 40. Bh3 Nf3 41. Qh5
Nxg5 42. Rxf7 Nxf7 43. Qd1 Kg7 44. Qxb3 h5 45. Qd1 Nf4 46. Qf3 Nxh3 47. Qxh3 a5
48. Kg1 a4 49. Qc8 1-0

[Event "Dutch Open 2014"]
[Site "Dieren NED"]
[Date "2014.07.25"]
[Round "4.29"]
[White "Van Foreest, Lucas"]
[Black "Boersma, Jan"]
[Result "1-0"]
[WhiteElo "2192"]
[BlackElo "2101"]
[WhiteFideId "1039792"]
[BlackFideId "1003267"]
[EventDate "2014.07.22"]

1. d4 Nf6 2. c4 g6 3. Nc3 Bg7 4. e4 O-O 5. Nf3 d6 6. Be2 Bg4 7. O-O a6 8. Be3
Nfd7 9. Rc1 c5 10. d5 Bxf3 11. gxf3 Nf6 12. f4 Nbd7 13. Qd2 Qa5 14. Qd3 Qc7 15.
Rfd1 Kh8 16. a3 Ng8 17. Qc2 Nh6 18. Bd3 f5 19. Kh1 Nf6 20. exf5 Qd7 21. fxg6 Qh3
22. Rg1 Nh5 23. Qd2 Rxf4 24. Bxf4 Qf3+ 25. Rg2 Nxf4 26. Be4 Bxc3 27. Qxc3+ Qxc3
28. Rxc3 Nxg2 29. Kxg2 hxg6 30. Bxg6 Rf8 31. Rb3 Kg7 32. Be4 Rb8 33. Rg3+ Kf7
34. h4 b5 35. cxb5 axb5 36. h5 Ng8 37. Bf5 b4 38. Be6+ Kf6 39. f4 1-0

[Event "Dutch Open 2014"]
[Site "Dieren NED"]
[Date "2014.07.26"]
[Round "5.1"]
[White "Pruijssers, Roeland"]
[Black "Ikonnikov, Vyacheslav"]
[Result "0-1"]
[WhiteTitle "GM"]
[BlackTitle "GM"]
[WhiteElo "2517"]
[BlackElo "2556"]
[WhiteFideId "1013068"]
[BlackFideId "4100972"]
[EventDate "2014.07.22"]

1. e4 e6 2. d4 d5 3. e5 c5 4. c3 Nc6 5. Nf3 Bd7 6. Be2 Qb6 7. a3 Nh6 8. b4 cxd4
9. cxd4 Nf5 10. Bb2 Be7 11. Qd2 h5 12. h4 O-O-O 13. b5 Na5 14. a4 Kb8 15. Ra2
Rc8 16. Bc3 Nc4 17. Bxc4 Rxc4 18. O-O Qc7 19. Qd3 Rc8 20. Rc1 Bxh4 21. Nxh4 Nxh4
22. Rac2 Nf5 23. Na3 Qd8 24. Nxc4 Rxc4 25. Ra1 Qh4 26. Bb2 Qg4 27. Rac1 Nh4 28.
f3 Qg3 29. Rf2 Rxa4 30. Qh7 Rc4 31. Qg8+ Kc7 32. Rxc4+ dxc4 33. Ba3 Nf5 34. Qxf7
h4 35. Qf8 h3 36. Bd6+ Nxd6 37. exd6+ Qxd6 38. Qxd6+ Kxd6 39. gxh3 Kd5 40. Kf1
c3 41. Ke1 Bxb5 42. Rg2 Bd3 43. Rxg7 b5 44. Rxa7 b4 45. Rb7 Kc4 46. Rc7+ Kxd4
47. Rb7 Kc4 48. Rc7+ Kb3 49. Kd1 Kb2 50. h4 b3 51. h5 Bf5 52. h6 c2+ 53. Kd2 Kb1 0-1

[Event "Dutch Open 2014"]
[Site "Dieren NED"]
[Date "2014.07.26"]
[Round "5.2"]
[White "Sengupta, Deep"]
[Black "Van Foreest, Jorden"]
[Result "1-0"]
[WhiteTitle "GM"]
[BlackTitle "FM"]
[WhiteElo "2533"]
[BlackElo "2461"]
[WhiteFideId "5008352"]
[BlackFideId "1039784"]
[EventDate "2014.07.22"]

1. e4 c5 2. Nf3 e6 3. d4 cxd4 4. Nxd4 Nc6 5. Nc3 Qc7 6. Qd3 a6 7. Nxc6 bxc6 8.
Qg3 Qxg3 9. hxg3 d5 10. Na4 Rb8 11. exd5 cxd5 12. Bf4 Rb4 13. b3 e5 14. Be3 Nf6
15. f3 Rb8 16. g4 d4 17. Bd2 Bd6 18. Bc4 Bb7 19. O-O-O O-O 20. g5 Nd5 21. Rh4
Rfc8 22. Rdh1 h6 23. gxh6 Be7 24. Bxd5 Bxd5 25. Rh5 f6 26. hxg7 Bf7 27. Rh6 Kxg7
28. Rh7+ Kg8 29. Kd1 Bf8 30. Rh8+ Kg7 31. R1h7+ Kg6 32. Rh3 Kg7 33. R8h6 Bg8 34.
Rg3+ Kf7 35. Rh5 Rc6 36. Nb2 Bd6 37. Nc4 Bc7 38. Rh8 e4 39. Rg4 f5 40. Rg5 e3
41. Be1 Rg6 42. Rhh5 Kg7 43. Nb2 Bd8 44. Rxg6+ Kxg6 45. Rh3 Bc7 46. Nd3 f4 47.
Rh4 Kf5 48. Rh5+ Kg6 49. Rc5 Rb7 50. Rc6+ Kh5 51. Rxa6 Bh7 52. Ke2 Bb8 53. Ra5+
Kh6 54. Rc5 Rg7 55. Kf1 Rb7 56. Rc6+ Kg7 57. Ke2 Kf8 58. Nc5 Bxc2 59. Ne6+ Ke8
60. Rxc2 1-0

[Event "Dutch Open 2014"]
[Site "Dieren NED"]
[Date "2014.07.26"]
[Round "5.3"]
[White "L'Ami, Erwin"]
[Black "Wiersma, Eelke"]
[Result "1/2-1/2"]
[WhiteTitle "GM"]
[BlackTitle "IM"]
[WhiteElo "2650"]
[BlackElo "2354"]
[WhiteFideId "1007998"]
[BlackFideId "1002864"]
[EventDate "2014.07.22"]

1. e4 c5 2. Nf3 e6 3. Nc3 Nc6 4. d4 cxd4 5. Nxd4 a6 6. f4 Nxd4 7. Qxd4 b5 8. b4
Ne7 9. a3 Bb7 10. Bd3 Rc8 11. Bb2 Nc6 12. Qe3 Nxb4 13. axb4 Bxb4 14. Qd4 Be7 15.
O-O-O f6 16. Qe3 Qa5 17. Nb1 O-O 18. e5 f5 19. g4 fxg4 20. h3 g3 21. Qxg3 Bxh1
22. Rxh1 Qa4 23. f5 Qh4 24. Qxh4 Bxh4 25. Nd2 exf5 26. Nf3 Be7 27. Rg1 g6 28. h4
Kf7 29. h5 Rg8 30. hxg6+ hxg6 31. Rh1 Ke8 32. Rh7 Kd8 33. Nd4 Rc5 34. e6 Rd5 35.
Be2 Re8 36. Bf3 Rd6 37. Rg7 dxe6 38. Nc6+ Kd7 39. Ne5+ Kc8 40. Bc6 Red8 41. Kb1
Bf6 42. Bb7+ Kb8 43. Rf7 Rd1+ 44. Ka2 Bxe5 45. Bxe5+ Ka7 46. Bc8+ Ka8 47. Bb7+
Ka7 48. Bc8+ Ka8 1/2-1/2

[Event "Dutch Open 2014"]
[Site "Dieren NED"]
[Date "2014.07.26"]
[Round "5.4"]
[White "Ernst, Sipke"]
[Black "Von Meijenfeldt, Bart"]
[Result "1-0"]
[WhiteTitle "GM"]
[WhiteElo "2554"]
[BlackElo "2331"]
[WhiteFideId "1004689"]
[BlackFideId "1032259"]
[EventDate "2014.07.22"]

1. d4 Nf6 2. Nf3 g6 3. g3 Bg7 4. Bg2 O-O 5. O-O d6 6. b3 c5 7. c4 d5 8. Bb2 dxc4
9. dxc5 Nc6 10. Ne5 Nxe5 11. Bxe5 Qa5 12. Nd2 Qxc5 13. Nxc4 Be6 14. Qd4 Qxd4 15.
Bxd4 Nd5 16. Bxg7 Kxg7 17. Na5 Rac8 18. Nxb7 Rc2 19. Rfc1 Rfc8 20. Rxc2 Rxc2 21.
Nd8 Nc3 22. Nxe6+ fxe6 23. Kf1 Kf6 24. e3 Nxa2 25. Be4 Rb2 26. Bd3 a5 27. Bc4
Rc2 28. Kg2 Ke5 29. h4 Kf6 30. Kf3 Kf7 31. g4 h6 32. g5 h5 33. Kg3 Nc3 34. Kf3
Na2 35. e4 Nc1 36. Kf4 Rc3 37. Ke5 Nxb3 38. Bxe6+ Kg7 39. Ra3 a4 40. Rxa4 Nc5
41. Ra7 Nxe6 42. Rxe7+ Kg8 43. Rxe6 Kf7 44. Rb6 Rc5+ 45. Kf4 Rc1 46. Rb7+ Kf8
47. Ke5 Rc5+ 48. Ke6 Rc6+ 49. Kd5 Rc2 50. f4 Rh2 51. f5 gxf5 52. exf5 Rxh4 53.
f6 Rg4 54. Ke6 Rxg5 55. Rb8# 1-0

[Event "Dutch Open 2014"]
[Site "Dieren NED"]
[Date "2014.07.26"]
[Round "5.5"]
[White "Beerdsen, Thomas"]
[Black "Hausrath, Daniel"]
[Result "0-1"]
[BlackTitle "GM"]
[WhiteElo "2260"]
[BlackElo "2526"]
[WhiteFideId "1030108"]
[BlackFideId "4617495"]
[EventDate "2014.07.22"]

1. e4 c6 2. d4 d5 3. Nc3 dxe4 4. Nxe4 Bf5 5. Ng3 Bg6 6. Nh3 Nf6 7. Nf4 e5 8.
Nxg6 hxg6 9. dxe5 Qa5+ 10. Bd2 Qxe5+ 11. Be2 Nbd7 12. O-O Bc5 13. Bf3 O-O-O 14.
Qc1 Qd4 15. Ne2 Qd6 16. Bf4 Ne5 17. Bxe5 Qxe5 18. Qf4 Qxf4 19. Nxf4 Bd6 20. Nh3
g5 21. Nxg5 Bxh2+ 22. Kh1 Bf4+ 23. Nh3 g5 24. g3 Bc7 0-1

[Event "Dutch Open 2014"]
[Site "Dieren NED"]
[Date "2014.07.26"]
[Round "5.6"]
[White "Kazarian, Anna-Maja"]
[Black "Das, Arghyadip"]
[Result "0-1"]
[WhiteTitle "WFM"]
[BlackTitle "IM"]
[WhiteElo "2025"]
[BlackElo "2439"]
[WhiteFideId "1033689"]
[BlackFideId "5003610"]
[EventDate "2014.07.22"]

1. e4 c5 2. Nf3 Nc6 3. d4 cxd4 4. Nxd4 Qb6 5. Nb3 Nf6 6. Nc3 e6 7. Be3 Qc7 8. a3
a6 9. f4 d6 10. Be2 b5 11. O-O Be7 12. Bf3 Bb7 13. Qe1 O-O 14. Qg3 Rfe8 15. e5
dxe5 16. fxe5 Nd7 17. Bh5 g6 18. Bg4 Qxe5 19. Bf4 Qg7 20. Nd5 f5 21. Nc7 fxg4
22. Qxg4 Nf8 23. Nxe8 Rxe8 24. c3 Ne5 25. Bxe5 Qxe5 26. Rae1 Qd5 27. Nd4 Bc5 28.
Kh1 Bxd4 29. cxd4 Nd7 30. Rc1 Bc6 31. h3 Nb6 32. Rc5 Qd6 33. Rf6 Kg7 34. Qf4
Qxf4 35. Rxf4 Nd5 36. Rf2 Bd7 37. Kh2 Rb8 38. Rfc2 Rf8 39. Kg3 Rf1 40. Rc1 Rf5
41. R1c2 h5 42. h4 Rf1 43. Rc1 Rf7 44. Re1 Rf8 45. Re2 Rf1 46. Re5 Kf6 47. Rc2
Rd1 48. Re4 Ke7 49. Kf3 Nf6 50. Rf4 Ng4 51. Ke2 Rg1 52. Kd3 e5 53. Re2 Be6 54.
dxe5 Bc4+ 55. Rxc4 bxc4+ 56. Kxc4 Rxg2 57. Rxg2 Ne3+ 58. Kd3 Nxg2 59. b4 Nxh4
60. a4 Nf5 61. Ke4 h4 62. Kf3 Ke6 63. b5 axb5 64. axb5 Kxe5 65. b6 Kd6 0-1

[Event "Dutch Open 2014"]
[Site "Dieren NED"]
[Date "2014.07.26"]
[Round "5.7"]
[White "Zwirs, Nico"]
[Black "Horvath, Csaba"]
[Result "1/2-1/2"]
[BlackTitle "GM"]
[WhiteElo "2284"]
[BlackElo "2542"]
[WhiteFideId "1036432"]
[BlackFideId "700118"]
[EventDate "2014.07.22"]

1. e4 c5 2. Nc3 e6 3. Nf3 a6 4. d4 cxd4 5. Nxd4 Qc7 6. g3 Bb4 7. Bd2 Nf6 8. Bg2
Nc6 9. Nxc6 bxc6 10. O-O a5 11. Re1 e5 12. Na4 Ba6 13. b3 Bb5 14. Nb2 Qd6 15. c3
Bc5 16. c4 Ba6 17. Bc3 Qxd1 18. Raxd1 d6 19. Na4 Ba3 20. f4 Nd7 21. Bh3 Nc5 22.
fxe5 Nxa4 23. bxa4 dxe5 24. Bd7+ Ke7 25. Bxc6 Rac8 1/2-1/2

[Event "Dutch Open 2014"]
[Site "Dieren NED"]
[Date "2014.07.26"]
[Round "5.8"]
[White "Saravanan, V."]
[Black "Goudriaan, Etienne"]
[Result "1-0"]
[WhiteTitle "IM"]
[BlackTitle "IM"]
[WhiteElo "2320"]
[BlackElo "2401"]
[WhiteFideId "5000580"]
[BlackFideId "1021150"]
[EventDate "2014.07.22"]

1. Nf3 Nf6 2. c4 e6 3. Nc3 d5 4. d4 Bb4 5. cxd5 exd5 6. Bg5 h6 7. Bh4 c5 8. e3
c4 9. Nd2 g5 10. Bg3 Bf5 11. Be5 Bxc3 12. bxc3 Nbd7 13. Be2 Nxe5 14. dxe5 Nd7
15. e4 Bxe4 16. Nxe4 dxe4 17. Qd4 Qe7 18. e6 Nf6 19. Bxc4 fxe6 20. O-O Rc8 21.
Bb3 Kf7 22. f3 Kg7 23. fxe4 e5 24. Qxa7 Rxc3 25. Kh1 Rhc8 26. Rad1 Kh8 27. Bd5
Ng4 28. Qb6 Qa3 29. Qe6 h5 30. Qf7 Rh3 31. gxh3 Qxh3 32. Rd2 Rc7 33. Qg8# 1-0

[Event "Dutch Open 2014"]
[Site "Dieren NED"]
[Date "2014.07.26"]
[Round "5.9"]
[White "Stany, G.A."]
[Black "Beukema, Stefan"]
[Result "1-0"]
[WhiteTitle "IM"]
[BlackTitle "FM"]
[WhiteElo "2399"]
[BlackElo "2305"]
[WhiteFideId "5029104"]
[BlackFideId "1024523"]
[EventDate "2014.07.22"]

1. e4 e5 2. Nf3 Nc6 3. Bb5 a6 4. Ba4 Nf6 5. O-O Be7 6. Re1 b5 7. Bb3 d6 8. c3
O-O 9. d4 Bg4 10. d5 Na5 11. Bc2 c5 12. b3 Qc7 13. Nbd2 g6 14. Nf1 Nh5 15. Bh6
Ng7 16. h3 Bd7 17. g4 f6 18. Ne3 Nb7 19. Kg2 Nd8 20. Nd2 Nf7 21. Bxg7 Kxg7 22.
Ndf1 Kh8 23. Ng3 Rg8 24. Rh1 Bf8 25. h4 Bh6 26. g5 fxg5 27. h5 g4 28. hxg6 Rxg6
29. Nef5 Bf4 30. Rh4 Qa5 31. Rxg4 Qxc3 32. Rxg6 hxg6 33. Qg4 gxf5 34. Rh1+ Nh6
35. Qg6 Qxc2 36. Rxh6+ Bxh6 37. Qxh6+ Kg8 38. Qg6+ Kf8 39. Qxd6+ Ke8 40. Qf6 Ra7
41. Qxe5+ Kf7 42. Qb8 fxe4 43. Qxa7 Ke8 44. Qb8+ Ke7 45. Qe5+ Kd8 46. Nxe4 Qe2
47. Qf6+ Kc7 48. Qd6+ Kc8 49. Qxa6+ Kb8 50. Qb6+ Kc8 51. Nd6# 1-0

[Event "Dutch Open 2014"]
[Site "Dieren NED"]
[Date "2014.07.26"]
[Round "5.10"]
[White "Lecomte, Robin"]
[Black "Sowray, Peter J"]
[Result "0-1"]
[BlackTitle "FM"]
[WhiteElo "2056"]
[BlackElo "2325"]
[WhiteFideId "1037170"]
[BlackFideId "400971"]
[EventDate "2014.07.22"]

1. e4 d6 2. d4 Nf6 3. Nc3 g6 4. Nf3 Bg7 5. h3 O-O 6. Be3 b6 7. Nd2 Bb7 8. g3 c5
9. d5 e6 10. Bg2 exd5 11. exd5 b5 12. Nb3 b4 13. Ne2 Nbd7 14. Nf4 a5 15. O-O Nb6
16. h4 a4 17. Nc1 Nc4 18. Ncd3 Nxe3 19. fxe3 Qb6 20. Qf3 Rae8 21. Rae1 Ne4 22.
Re2 c4 23. Nf2 Nxf2 24. Rfxf2 Bxb2 25. h5 Bg7 26. hxg6 hxg6 27. g4 Re5 28. Bh1
Bc8 29. Qh3 Rg5 30. Bf3 Re8 31. Qh4 Bf6 32. Qh6 Bxg4 33. Bxg4 Rxg4+ 34. Kf1 Rh4 0-1

[Event "Dutch Open 2014"]
[Site "Dieren NED"]
[Date "2014.07.26"]
[Round "5.11"]
[White "Vogel, Jaap"]
[Black "Pijpers, Arthur"]
[Result "1/2-1/2"]
[WhiteTitle "FM"]
[WhiteElo "2209"]
[BlackElo "2371"]
[WhiteFideId "1000764"]
[BlackFideId "1019554"]
[EventDate "2014.07.22"]

1. d4 d5 2. Nf3 Nf6 3. c4 c6 4. e3 e6 5. Nc3 Nbd7 6. Qc2 Bd6 7. b3 O-O 8. Bb2 e5
9. Be2 exd4 10. Nxd4 dxc4 11. bxc4 Nc5 12. Rd1 Qb6 13. h3 Bd7 14. Nb3 Be7 15.
O-O Nxb3 16. axb3 Be6 17. Bd3 Rad8 1/2-1/2

[Event "Dutch Open 2014"]
[Site "Dieren NED"]
[Date "2014.07.26"]
[Round "5.12"]
[White "Maris, Ivo"]
[Black "De Jong, Migchiel"]
[Result "1-0"]
[BlackTitle "IM"]
[WhiteElo "2178"]
[BlackElo "2345"]
[WhiteFideId "1028146"]
[BlackFideId "1002848"]
[EventDate "2014.07.22"]

1. g3 d5 2. Bg2 e5 3. d3 Nf6 4. Nf3 Bd6 5. O-O O-O 6. Nbd2 e4 7. dxe4 dxe4 8.
Ng5 e3 9. fxe3 Qe7 10. Nde4 Nxe4 11. Nxe4 Be5 12. Nf2 Nd7 13. a4 h5 14. Nd3 h4
15. Nxe5 Nxe5 16. Qd4 hxg3 17. hxg3 Bg4 18. b3 c5 19. Qe4 Bxe2 20. Rf2 Ba6 21.
Rf5 Rae8 22. Bb2 Nd7 23. Qxe7 Rxe7 24. Bd5 Rfe8 25. Kg2 Nb6 26. Bf3 Rxe3 27. Rg5
Rd8 28. Kf2 Re6 29. Rxg7+ Kf8 30. Bh5 Rd2+ 31. Kg1 Rxc2 32. Rxf7+ Kg8 33. Rd1
Nd5 34. Rd7 Nf6 35. Rd8+ Kh7 36. R1d7+ Kh6 37. Rh8+ Kg5 38. Rg7+ Kf5 39. Bg6+
Kg4 40. Bxc2+ Kf3 41. Bd1+ Ke3 42. Rh2 Ne4 43. Rd7 Nxg3 44. Bc1+ Ke4 45. Rh4+
Kf5 46. Bg4+ 1-0

[Event "Dutch Open 2014"]
[Site "Dieren NED"]
[Date "2014.07.26"]
[Round "5.13"]
[White "Kolbus, Dietmar"]
[Black "Go, Benjamin"]
[Result "1-0"]
[WhiteTitle "IM"]
[WhiteElo "2303"]
[BlackElo "2133"]
[WhiteFideId "4610628"]
[BlackFideId "1014560"]
[EventDate "2014.07.22"]

1. c4 c6 2. Nf3 Nf6 3. d4 d5 4. e3 Bg4 5. Qb3 Qc8 6. Ne5 e6 7. Nxg4 Nxg4 8. Be2
Nf6 9. Nc3 Nbd7 10. O-O Be7 11. Rd1 O-O 12. Bd2 dxc4 13. Bxc4 b5 14. Bf1 a6 15.
a4 b4 16. Ne2 c5 17. Rac1 Rb8 18. Nf4 Qc6 19. Be1 g5 20. Nd3 Rfc8 21. dxc5 Nxc5
22. Nxb4 Qb7 23. Qa2 a5 24. Nd3 Nb3 25. Rxc8+ Qxc8 26. Ne5 Qc7 27. Nc4 Ng4 28.
g3 Bb4 29. Bc3 Bc5 30. Be2 h5 31. Bxg4 hxg4 32. Be5 Bd6 33. Bxd6 Qxc4 34. Bxb8
Qc2 35. Qb1 1-0

[Event "Dutch Open 2014"]
[Site "Dieren NED"]
[Date "2014.07.26"]
[Round "5.14"]
[White "Ypma, Peter"]
[Black "Afek, Yochanan"]
[Result "0-1"]
[BlackTitle "IM"]
[WhiteElo "2203"]
[BlackElo "2298"]
[WhiteFideId "1027255"]
[BlackFideId "2800462"]
[EventDate "2014.07.22"]

1. d4 Nf6 2. c4 g6 3. g3 Bg7 4. Bg2 O-O 5. Nf3 c5 6. d5 b5 7. cxb5 a6 8. bxa6 d6
9. Nc3 Bxa6 10. O-O Nbd7 11. Qc2 Qa5 12. h3 Rfb8 13. Rd1 Ra7 14. Rb1 Ne8 15. Bd2
Nc7 16. a3 Rab7 17. b4 Qxa3 18. Rb3 Qxb3 19. Qxb3 cxb4 20. Na4 Nc5 21. Nxc5 dxc5
22. Bf4 c4 23. Qa4 c3 24. Bxc7 Rxc7 25. Ne1 b3 26. Be4 Rc4 27. Qxa6 Rxe4 28. Rc1
Reb4 29. Kg2 R4b6 30. Qa3 Rc8 31. Qxe7 c2 32. Nxc2 Rbb8 33. Qe4 Bb2 34. Rf1 bxc2
35. d6 c1=Q 36. Rxc1 Bxc1 37. Qd5 Bb2 38. e4 Re8 39. d7 Red8 40. e5 Rb6 41. f4
Ba3 42. g4 Be7 43. f5 Rdb8 44. f6 Bd8 45. Qc5 Rb2+ 46. Kf3 R2b3+ 47. Kf4 h6 48.
e6 fxe6 49. Qc1 Kf7 50. Ke5 R3b4 51. Kd6 R4b5 52. Qxh6 R8b6# 0-1

[Event "Dutch Open 2014"]
[Site "Dieren NED"]
[Date "2014.07.26"]
[Round "5.15"]
[White "Buckels, Valentin"]
[Black "Struik, Tjapko"]
[Result "1/2-1/2"]
[WhiteElo "2100"]
[BlackElo "2292"]
[WhiteFideId "12942766"]
[BlackFideId "1011243"]
[EventDate "2014.07.22"]

1. d4 Nf6 2. c4 e6 3. g3 Bb4+ 4. Bd2 Qe7 5. Nf3 Nc6 6. Nc3 Bxc3 7. Bxc3 Ne4 8.
Rc1 d6 9. d5 Nxc3 10. Rxc3 Nb8 11. Bg2 O-O 12. O-O e5 13. Qc2 a5 14. c5 Na6 15.
cxd6 cxd6 16. Nd2 Bg4 17. Nc4 Nb4 18. Qd2 b5 19. Nxa5 Rxa5 20. Rb3 Rxa2 21. Rxb4
Bd7 22. Rc1 Rfa8 23. Bf1 Qd8 24. e3 Qa5 25. Qc3 g6 26. Rb3 Qxc3 27. Rcxc3 Ra1
28. Kg2 Rb8 29. Rc7 Be8 30. Rbc3 Kf8 31. Rc8 Raa8 32. Rxb8 Rxb8 33. Rc7 Ra8 34.
Rb7 Ra2 35. Bxb5 Rxb2 36. Bc6 Rxb7 37. Bxb7 Ke7 38. Ba6 Kd8 39. e4 Kc7 40. Kf3
Kb6 41. Bc8 Bb5 42. Ke3 Kc5 43. h4 Ba4 1/2-1/2

[Event "Dutch Open 2014"]
[Site "Dieren NED"]
[Date "2014.07.26"]
[Round "5.17"]
[White "Bollen, Guus"]
[Black "Wilgenhof, Otto"]
[Result "1-0"]
[WhiteElo "2011"]
[BlackElo "2217"]
[WhiteFideId "1027883"]
[BlackFideId "1002589"]
[EventDate "2014.07.22"]

1. e4 e6 2. d4 d5 3. exd5 exd5 4. c4 Nf6 5. Nc3 Be7 6. Nf3 O-O 7. Bd3 dxc4 8.
Bxc4 Bf5 9. O-O Nbd7 10. Re1 Nb6 11. Bb3 h6 12. Ne5 c5 13. Qf3 cxd4 14. Qxf5
dxc3 15. Bxh6 Nfd5 16. Bc2 Nf6 17. Bxg7 Qc8 18. Qg5 Ne4 19. Qh6 1-0

[Event "Dutch Open 2014"]
[Site "Dieren NED"]
[Date "2014.07.26"]
[Round "5.18"]
[White "Losekoot, Pascal"]
[Black "Maatman, Nick"]
[Result "1/2-1/2"]
[WhiteElo "2114"]
[BlackElo "2211"]
[WhiteFideId "1012410"]
[BlackFideId "1040391"]
[EventDate "2014.07.22"]

1. e4 c6 2. d4 d5 3. e5 Bf5 4. Nd2 e6 5. Nb3 Nd7 6. Nf3 Ne7 7. Be2 Nc8 8. O-O
Ncb6 9. a4 a5 10. Be3 Be7 11. Ne1 Bg6 12. Nd3 Nc4 13. Bc1 b5 14. Ndc5 O-O 15.
Re1 bxa4 16. Nxa4 Qc7 17. Bf4 1/2-1/2

[Event "Dutch Open 2014"]
[Site "Dieren NED"]
[Date "2014.07.26"]
[Round "5.19"]
[White "Halfhide, Sebastian"]
[Black "Chalmeta Ugas, Ramon"]
[Result "0-1"]
[BlackTitle "FM"]
[WhiteElo "1979"]
[BlackElo "2292"]
[WhiteFideId "1045946"]
[BlackFideId "2256339"]
[EventDate "2014.07.22"]

1. e4 c5 2. Nf3 e6 3. d4 cxd4 4. Nxd4 a6 5. Bd3 Bc5 6. Nb3 Ba7 7. Qe2 d6 8. Be3
Bxe3 9. Qxe3 Nc6 10. O-O Nf6 11. f4 Qc7 12. Nc3 b5 13. Qg3 O-O 14. Rae1 b4 15.
Nd1 Bb7 16. Nf2 e5 17. f5 Ne7 18. Ng4 Nxg4 19. Qxg4 f6 20. Rf3 a5 21. Rh3 d5 22.
Nd2 Ba6 23. Qh5 h6 24. Rg3 Kh7 25. Ree3 Bxd3 26. cxd3 Qd7 27. Nf3 dxe4 28. dxe4
Rac8 29. h3 Rc1+ 30. Kh2 a4 31. Nh4 Qd1 32. Qxd1 Rxd1 33. Rd3 Rd8 34. Rxd8 Rxd8
35. a3 Rd4 36. Re3 b3 37. Kg3 Rd2 38. Rc3 Rxb2 39. Rc7 Ra2 40. Kg4 Rxa3 41. Rb7
Ra1 42. Kh5 Rf1 43. Rb8 Rc1 44. Re8 b2 45. Ng6 Rc8 0-1

[Event "Dutch Open 2014"]
[Site "Dieren NED"]
[Date "2014.07.26"]
[Round "5.20"]
[White "Mostertman, Milan"]
[Black "Van Liempt, Michael"]
[Result "1-0"]
[WhiteTitle "FM"]
[WhiteElo "2284"]
[BlackElo "2016"]
[WhiteFideId "1025848"]
[BlackFideId "1012665"]
[EventDate "2014.07.22"]

1. e4 c5 2. Nf3 Nc6 3. d4 cxd4 4. Nxd4 g6 5. c4 Nf6 6. Nc3 d6 7. Nc2 Bg7 8. Be2
O-O 9. O-O Qa5 10. Kh1 Be6 11. Bd2 Rfc8 12. f4 a6 13. b3 Rab8 14. a4 Qd8 15. Rb1
a5 16. Bd3 Bg4 17. Qe1 Nd7 18. f5 Nc5 19. Qe3 Ne5 20. Ne1 e6 21. Bc2 exf5 22.
exf5 Qh4 23. Qf4 Ned3 24. Nxd3 Nxd3 25. Bxd3 Be5 26. Qh6 Qxh6 27. Bxh6 Bxc3 28.
h3 Bxf5 29. Bxf5 gxf5 30. Rxf5 f6 31. Rd5 Rc6 32. Rbd1 Re8 33. Bf4 Rb6 34. R5d3
Be5 35. Bd2 Ra8 36. Rb1 Rc6 37. Kg1 Kf7 38. Kf2 Ke6 39. Re1 b6 40. Re4 Rc7 41.
Be3 Rb7 42. Rd5 Rg8 43. Rg4 Rxg4 44. hxg4 Kd7 45. Kf3 Kc6 46. Ke4 Rb8 47. Kf5
Rb7 48. Ke6 Rb8 49. Kf5 Rb7 50. Bf2 Rb8 51. Bg1 Rg8 52. Be3 Re8 53. Rb5 Rb8 54.
Ke6 Rb7 55. Bh6 Rc7 56. Bf8 Rc8 57. Bg7 Bd4 58. Rd5 Re8+ 59. Kf7 Re4 60. g5 fxg5
61. Bxd4 Rg4 62. Ke6 Rxg2 63. Rxd6+ Kb7 64. Rxb6+ Kc7 65. Rb5 1-0

[Event "Dutch Open 2014"]
[Site "Dieren NED"]
[Date "2014.07.26"]
[Round "5.21"]
[White "Tromp, Pieter"]
[Black "Warmerdam, Max"]
[Result "1-0"]
[WhiteElo "2127"]
[BlackElo "2207"]
[WhiteFideId "1026402"]
[BlackFideId "1048104"]
[EventDate "2014.07.22"]

1. d4 Nf6 2. c4 g6 3. Nc3 Bg7 4. e4 d6 5. f3 O-O 6. Bg5 Na6 7. Qd2 e5 8. d5 c6
9. O-O-O cxd5 10. Nxd5 Be6 11. Ne2 Bxd5 12. cxd5 b5 13. Nc3 b4 14. Bxa6 Qa5 15.
Bb7 Rab8 16. Bc6 bxc3 17. Qxc3 Qa6 18. Qa3 Qxa3 19. bxa3 Rfc8 20. Rd3 Nh5 21. g3
f5 22. Rb3 fxe4 23. fxe4 Nf6 24. Re1 Nd7 25. Kc2 Rxb3 26. axb3 Nb8 27. Kb2 h6
28. Be3 Nxc6 29. dxc6 Rxc6 30. Bxa7 d5 31. b4 Rc7 32. Bc5 d4 33. a4 Bf8 34. Rc1
d3 35. Bxf8 d2 36. Rd1 Kxf8 37. Rxd2 Rc4 38. Kb3 Rxe4 39. a5 1-0

[Event "Dutch Open 2014"]
[Site "Dieren NED"]
[Date "2014.07.26"]
[Round "5.22"]
[White "Kollen, Zyon"]
[Black "Vos, Tjark"]
[Result "0-1"]
[WhiteElo "2196"]
[BlackElo "2130"]
[WhiteFideId "1024256"]
[BlackFideId "1020870"]
[EventDate "2014.07.22"]

1. e4 c5 2. Nf3 d6 3. d4 cxd4 4. Nxd4 Nf6 5. Nc3 a6 6. Be3 e6 7. a4 d5 8. e5
Nfd7 9. f4 Bb4 10. Bd3 Nc5 11. O-O Nc6 12. Qg4 g6 13. Nxc6 bxc6 14. f5 Nxd3 15.
cxd3 Be7 16. f6 Bf8 17. b4 d4 18. Bxd4 Bxb4 19. Na2 Bf8 20. Rab1 c5 21. Bf2 Qc7
22. Qe4 Ra7 23. a5 Bb7 24. Qa4+ Bc6 25. Qf4 Qxa5 26. Rb8+ Kd7 27. Qc1 Qxa2 28.
Qc4 Qxc4 29. dxc4 Ra8 30. Rxa8 Bxa8 31. Be3 h5 32. Rd1+ Kc8 33. g3 Bh6 34. Bxc5
Rd8 35. Bd6 Be3+ 36. Kf1 Bc5 37. Ke2 Bxd6 38. exd6 Kd7 39. c5 Bc6 40. Rb1 Bb5+
41. Ke3 e5 42. Ke4 Ke6 43. h3 Rc8 44. Rc1 Bc6+ 45. Ke3 Kxf6 46. Rb1 Bb5 47. Rxb5
axb5 48. d7 Rd8 49. c6 Ke7 0-1